|
|
|
|
| LEADER |
01534nam a2200385Ia 4500 |
| 001 |
EBC422800 |
| 003 |
MiAaPQ |
| 005 |
20200520144314.0 |
| 006 |
m o d | |
| 007 |
cr cn||||||||| |
| 008 |
090617s2005 enkad sbs 000 0 eng d |
| 020 |
|
|
|z 0199280843
|
| 020 |
|
|
|z 9780199280841
|
| 020 |
|
|
|z 9780191515651
|
| 035 |
|
|
|a (MiAaPQ)EBC422800
|
| 035 |
|
|
|a (Au-PeEL)EBL422800
|
| 035 |
|
|
|a (CaPaEBR)ebr10271696
|
| 035 |
|
|
|a (CaONFJC)MIL84408
|
| 035 |
|
|
|a (OCoLC)437109339
|
| 040 |
|
|
|a MiAaPQ
|c MiAaPQ
|d MiAaPQ
|
| 050 |
|
4 |
|a HC800
|b .A57 2005
|
| 245 |
0 |
0 |
|a African development report.
|n 2005,
|p Africa in the world economy, public sector management, economic and social statistics on Africa
|h [electronic resource].
|
| 260 |
|
|
|a Oxford :
|b Oxford University Press,
|c 2005.
|
| 300 |
|
|
|a xvi, 271 p. :
|b ill., charts, tables.
|
| 490 |
0 |
|
|a African development report ;
|v 2005
|
| 500 |
|
|
|a Published for the African Development Bank.
|
| 504 |
|
|
|a Includes bibliographical references.
|
| 533 |
|
|
|a Electronic reproduction. Ann Arbor, MI : ProQuest, 2015. Available via World Wide Web. Access may be limited to ProQuest affiliated libraries.
|
| 650 |
|
0 |
|a Economic development
|z Africa
|v Statistics.
|
| 651 |
|
0 |
|a Africa
|x Economic conditions
|y 1960-
|v Statistics.
|
| 651 |
|
0 |
|a Africa
|x Economic policy
|v Statistics.
|
| 655 |
|
4 |
|a Electronic books.
|
| 710 |
2 |
|
|a African Development Bank.
|
| 710 |
2 |
|
|a ProQuest (Firm)
|
| 856 |
4 |
0 |
|u https://ebookcentral.proquest.com/lib/matrademy/detail.action?docID=422800
|z Click to View
|